[Event "Elit(Team Viking-LASK)"]
[Site "?"]
[Date "2017.03.25"]
[Round "8"]
[White "Lindberg, Bo"]
[Black "Dragicevic, Drazen"]
[Result "0-1"]
[WhiteElo "2398"]
[BlackElo "2297"]
[PlyCount "76"]

1. d4 Nf6 2. Nf3 g6 3. Nbd2 d5 4. e3 Bg7 5. b4 O-O 6. Be2 b6 7. Bb2 c5 8. dxc5
bxc5 9. bxc5 Qc7 10. Nb3 Nbd7 11. O-O a5 12. c6 Qxc6 13. Nbd4 Qc7 14. Nb5 Qd8
15. c4 dxc4 16. Bxc4 Nb6 17. Be2 Qxd1 18. Rfxd1 Ba6 19. Rac1 Rac8 20. Kf1 Ne4
21. Nfd4 Na4 22. Ba3 Bf6 23. Rxc8 Rxc8 24. Rc1 e5 25. Rxc8+ Bxc8 26. Nc6 Be6
27. Nxa5 Bxa2 28. Bb4 Nec5 29. Nc4 e4 30. Ncd6 Be5 31. h3 Nd3 32. Ba5 Ndc5 33.
Nc4 Bg7 34. Nbd6 Nc3 35. Nd2 Nxe2 36. Kxe2 f5 37. Bb6 Nb3 38. N2c4 Bb1 0-1

[Event "Elit(Team Viking-LASK)"]
[Site "?"]
[Date "2017.03.25"]
[Round "8"]
[White "Olsson, Linus"]
[Black "Cramling, Dan"]
[Result "0-1"]
[WhiteElo "2250"]
[BlackElo "2364"]
[PlyCount "82"]

1. d4 Nf6 2. c4 c5 3. e3 cxd4 4. exd4 d5 5. Nc3 e6 6. Nf3 Bb4 7. Bd3 dxc4 8.
Bxc4 O-O 9. O-O Bxc3 10. bxc3 Qc7 11. Qe2 Nbd7 12. Bb2 b6 13. Bb3 Bb7 14. Rfc1
Qf4 15. c4 Rfe8 16. Qe3 Qf5 17. h3 Rac8 18. a4 Bxf3 19. Qxf3 Qxf3 20. gxf3 e5
21. a5 exd4 22. Bxd4 Nc5 23. Bc2 Nfd7 24. axb6 axb6 25. Bf5 Rc6 26. Bxd7 Nxd7
27. Ra7 Rd6 28. Be3 h6 29. Rb7 Rc8 30. f4 Kh7 31. Kf1 Kg6 32. Ke2 Nc5 33. Bxc5
bxc5 34. Kf3 Rd3+ 35. Kg2 Rc6 36. f3 Rd2+ 37. Kg3 Kh5 38. f5 Rf6 39. Kf4 Re2
40. Rc7 Kh4 41. Rxc5 g5# 0-1

[Event "Elit(Team Viking-LASK)"]
[Site "?"]
[Date "2017.03.25"]
[Round "8"]
[White "Sagit, Rauan"]
[Black "Mauritsson, Sebastian"]
[Result "1/2-1/2"]
[WhiteElo "2417"]
[BlackElo "2317"]
[PlyCount "83"]

1. Nf3 Nf6 2. g3 g6 3. b3 Bg7 4. Bb2 O-O 5. Bg2 d5 6. O-O c5 7. c4 d4 8. b4 Re8
9. d3 e5 10. bxc5 Na6 11. c6 bxc6 12. Nbd2 Rb8 13. Ba3 c5 14. Qa4 Qc7 15. Rab1
Rb6 16. Rxb6 axb6 17. Ne4 Nd7 18. Rb1 f5 19. Ned2 Bb7 20. e4 Bc6 21. Qc2 f4 22.
gxf4 exf4 23. Nf1 Nab8 24. Bc1 Ne5 25. Nxe5 Bxe5 26. Nd2 Qd8 27. Nf3 Bc7 28.
Qe2 g5 29. h3 Nd7 30. Rb3 Qf6 31. Ra3 h6 32. Nh2 Ne5 33. Ng4 Qe6 34. Nxe5 Bxe5
35. Qh5 Kg7 36. Ra6 Rb8 37. Qg4 Kf6 38. Qh5 Kg7 39. Qg4 Kf6 40. Qxe6+ Kxe6 41.
Bf3 Bc7 42. Ra7 1/2-1/2

[Event "Elit(Malmo-Rockaden,Sthlm)"]
[Site "?"]
[Date "2017.03.25"]
[Round "8"]
[White "Hammer, Jon Ludvig"]
[Black "Jobava, Baadur"]
[Result "0-1"]
[WhiteElo "2628"]
[BlackElo "2701"]
[PlyCount "66"]

1. d4 Nf6 2. c4 c6 3. Nf3 d5 4. e3 g6 5. Nc3 Bg7 6. Bd3 O-O 7. O-O Na6 8. a3
Nc7 9. h3 Bf5 10. cxd5 Ncxd5 11. Na4 Qc8 12. Re1 Bxd3 13. Qxd3 Rd8 14. Qc2 Nb6
15. Nc5 Nfd7 16. Nd3 c5 17. dxc5 Nxc5 18. Qxc5 Rxd3 19. Qxe7 Qc6 20. Ne5 Bxe5
21. Qxe5 Re8 22. Qg5 Nc4 23. b4 Rd5 24. Qh4 Rh5 25. Qd4 Ne5 26. f4 Nf3+ 27.
gxf3 Qxf3 28. Ra2 Rxh3 29. Rg2 Qh5 30. Bb2 Rh1+ 31. Kf2 Qh4+ 32. Kf3 Rh3+ 33.
Ke2 Rhxe3+ 0-1

[Event "Elit(Malmo-Rockaden,Sthlm)"]
[Site "?"]
[Date "2017.03.25"]
[Round "8"]
[White "Meier, Georg"]
[Black "Nielsen, Peter Heine"]
[Result "1/2-1/2"]
[WhiteElo "2630"]
[BlackElo "2645"]
[PlyCount "34"]

1. Nf3 c5 2. c4 Nf6 3. Nc3 Nc6 4. g3 d5 5. cxd5 Nxd5 6. Bg2 e6 7. O-O Be7 8. d4
O-O 9. Rb1 Bf6 10. dxc5 Bxc3 11. bxc3 Nxc3 12. Qxd8 Rxd8 13. Rb2 e5 14. Rc2 Nd5
15. Rb2 Nc3 16. Rc2 Nd5 17. Rb2 Nc3 1/2-1/2

[Event "Elit(Malmo-Rockaden,Sthlm)"]
[Site "?"]
[Date "2017.03.25"]
[Round "8"]
[White "Blomqvist, Erik"]
[Black "Hillarp Persson, Tiger"]
[Result "1/2-1/2"]
[WhiteElo "2574"]
[BlackElo "2505"]
[PlyCount "113"]

1. e4 g6 2. d4 Bg7 3. Nc3 d6 4. Bg5 h6 5. Be3 a6 6. Nf3 e6 7. Bd3 Nf6 8. h3 Nc6
9. Qd2 b6 10. Rd1 Bb7 11. O-O Ne7 12. Rfe1 Qd7 13. Qe2 O-O 14. e5 Nfd5 15. Nxd5
Bxd5 16. Nh2 Nf5 17. c4 Bb7 18. Ng4 dxe5 19. dxe5 Qe7 20. Bxf5 exf5 21. Nxh6+
Kh7 22. Nxf5 gxf5 23. Qh5+ Kg8 24. Bg5 Qe6 25. Qh4 Qg6 26. Re3 f4 27. Qxf4 f6
28. exf6 Rxf6 29. Qxc7 Rf7 30. Rd7 Rxd7 31. Qxd7 Bc6 32. Qc7 Re8 33. Rxe8+ Qxe8
34. Qxb6 Qe4 35. Qb8+ Kh7 36. Qg3 Bxb2 37. Bf4 Bd4 38. Kh2 Bf6 39. f3 Qxc4 40.
Be5 Qe6 41. Bxf6 Qxf6 42. Qc7+ Kg6 43. a3 Kh6 44. Kg3 Qg5+ 45. Kh2 Qf6 46. Qb8
Kg6 47. f4 Qe6 48. Qd8 Qe4 49. Qg5+ Kf7 50. h4 Bd7 51. h5 Bf5 52. Qg3 Qe2 53.
Qg5 Qg4 54. Kg1 Qxg5 55. fxg5 Bg4 56. h6 Kg6 57. Kf2 1/2-1/2

[Event "Elit(Malmo-Rockaden,Sthlm)"]
[Site "?"]
[Date "2017.03.25"]
[Round "8"]
[White "Andersson, Ulf"]
[Black "Wiedenkeller, Michael"]
[Result "1/2-1/2"]
[WhiteElo "2516"]
[BlackElo "2474"]
[PlyCount "47"]

1. Nf3 Nf6 2. c4 e6 3. g3 d5 4. d4 dxc4 5. Qa4+ Nbd7 6. Bg2 a6 7. Nc3 Rb8 8.
Qxc4 b5 9. Qd3 Bb7 10. O-O c5 11. dxc5 Bxc5 12. Bf4 Rc8 13. Rad1 O-O 14. Ne5
Bxg2 15. Kxg2 Nxe5 16. Bxe5 Be7 17. Qf3 Qb6 18. Rd2 Rfd8 19. Rfd1 Rxd2 20. Rxd2
Qc6 21. h3 h6 22. a3 Kf8 23. Rd3 Qxf3+ 24. Kxf3 1/2-1/2

[Event "Elit(Malmo-Rockaden,Sthlm)"]
[Site "?"]
[Date "2017.03.25"]
[Round "8"]
[White "Karlsson, Lars"]
[Black "Markovic, Miroslav"]
[Result "1/2-1/2"]
[WhiteElo "2446"]
[BlackElo "2465"]
[PlyCount "99"]

1. b3 Nf6 2. Bb2 g6 3. Bxf6 exf6 4. c4 f5 5. Nc3 f4 6. g3 fxg3 7. hxg3 Bg7 8.
Rc1 d6 9. e3 c6 10. d4 Nd7 11. Bg2 Nf6 12. b4 O-O 13. Nge2 Re8 14. b5 Bd7 15.
Qa4 Qc7 16. Bf3 h5 17. Kf1 Bg4 18. Bxg4 Nxg4 19. Kg2 Bh6 20. Nf4 Rac8 21. bxc6
bxc6 22. Rce1 Qe7 23. Qc2 Bxf4 24. gxf4 d5 25. c5 Rb8 26. Qd2 Nh6 27. f3 Rbd8
28. e4 dxe4 29. Nxe4 Rf8 30. Nd6 Qf6 31. Re5 Rxd6 32. cxd6 Rd8 33. Qa5 Kg7 34.
Re7 Rxd6 35. Qe5 Rxd4 36. Rxa7 Rd2+ 37. Kh3 Nf5 38. Rb1 Rf2 39. Rbb7 Rxf3+ 40.
Kg2 Nh4+ 41. Kg1 Rg3+ 42. Kf1 Rf3+ 43. Kg1 Rg3+ 44. Kf1 Rf3+ 45. Kg1 Qxe5 46.
fxe5 Kh6 47. Rxf7 Re3 48. e6 Rxe6 49. Rae7 Rd6 50. Rd7 1/2-1/2

[Event "Elit(Malmo-Rockaden,Sthlm)"]
[Site "?"]
[Date "2017.03.25"]
[Round "8"]
[White "Agrest, Inna"]
[Black "Bator, Robert"]
[Result "1-0"]
[WhiteElo "2273"]
[BlackElo "2401"]
[PlyCount "115"]

1. e4 c5 2. Nf3 Nc6 3. d4 cxd4 4. Nxd4 e5 5. Nb5 d6 6. c4 Be7 7. N1c3 a6 8. Na3
f5 9. exf5 Bxf5 10. Bd3 Be6 11. Nc2 Nf6 12. Ne3 Qd7 13. O-O O-O 14. b3 Rae8 15.
Bb2 Bd8 16. Qd2 Bb6 17. Rad1 Ng4 18. Be4 Rd8 19. Ncd5 Ba7 20. Qd3 g6 21. Nxg4
Bxg4 22. Rd2 Nd4 23. b4 Qg7 24. Kh1 Rf7 25. Ne3 Be6 26. Bd5 Bxd5 27. Nxd5 Rdf8
28. f4 Ne6 29. Qe4 Qh6 30. g3 Ng7 31. Re2 Nh5 32. Kg2 g5 33. f5 Nf6 34. Nxf6+
Qxf6 35. c5 dxc5 36. Bxe5 Qc6 37. Qxc6 bxc6 38. Bd6 cxb4 39. Bxf8 Kxf8 40. Re6
Rc7 41. Rc1 c5 42. Rc4 a5 43. Ra6 Rd7 44. Rxa5 Bb6 45. Ra6 Rd6 46. Kf3 Kf7 47.
Ke4 Ke7 48. h3 Kd7 49. Ke5 Rc6 50. Ke4 Kc7 51. Ra8 Rh6 52. Rg8 Kc6 53. Rxg5 Kb5
54. Kd5 Rxh3 55. f6 h6 56. f7 Rh2 57. f8=Q Rd2+ 58. Ke4 1-0

[Event "Elit(Malmo-Rockaden,Sthlm)"]
[Site "?"]
[Date "2017.03.25"]
[Round "8"]
[White "Hedman, Erik"]
[Black "Gajic, Mladen"]
[Result "1-0"]
[WhiteElo "2363"]
[BlackElo "2364"]
[PlyCount "83"]

1. d4 Nf6 2. c4 c5 3. d5 e6 4. Nc3 exd5 5. cxd5 d6 6. Nf3 g6 7. Bf4 a6 8. a4
Bg7 9. h3 O-O 10. e3 Qe7 11. Be2 Nbd7 12. O-O Ne8 13. Re1 Ne5 14. Nd2 f5 15. a5
Rb8 16. Qb3 Qc7 17. Bg3 b5 18. axb6 Rxb6 19. Qc2 Qb8 20. Ra2 Rb4 21. f4 Nf7 22.
Nc4 Nc7 23. Na5 Bd7 24. Bc4 Qa8 25. Qd3 Rfb8 26. Re2 Bxc3 27. bxc3 Rxc4 28.
Nxc4 Bb5 29. Reb2 Qxd5 30. Qxd5 Nxd5 31. Rxa6 Nxc3 32. Nxd6 Nxd6 33. Rxd6 Ra8
34. Rb6 Ra1+ 35. Kh2 Bd3 36. R2b3 Rc1 37. Ra3 Be4 38. Ra7 Rb1 39. Rxb1 Nxb1 40.
Rc7 Nd2 41. Kg1 Nb3 42. Be1 1-0

[Event "Elit(Malmo-Rockaden,Sthlm)"]
[Site "?"]
[Date "2017.03.25"]
[Round "8"]
[White "Nizov, Anton"]
[Black "Engqvist, Thomas"]
[Result "0-1"]
[WhiteElo "2123"]
[BlackElo "2344"]
[PlyCount "96"]

1. d4 Nf6 2. c4 e6 3. Nf3 b6 4. g3 Ba6 5. Qc2 Bb7 6. Bg2 c5 7. d5 exd5 8. cxd5
Nxd5 9. O-O Nc7 10. e4 Be7 11. Nc3 O-O 12. Rd1 Nc6 13. e5 Ne6 14. Be3 f6 15.
Bh3 Qe8 16. Qb3 Na5 17. Bxe6+ Kh8 18. Qa4 dxe6 19. Qxe8 Rfxe8 20. Nd2 fxe5 21.
Nde4 Bc6 22. b3 Kg8 23. f3 Rad8 24. Kf2 Nb7 25. Rac1 h6 26. Ke2 Kf7 27. Rb1 Bd5
28. Rbc1 Na5 29. Bf2 Nc6 30. Kf1 Nd4 31. Kg2 Kg6 32. Rd3 Rf8 33. g4 Bb7 34. Bg3
Nc6 35. Rcd1 Rd4 36. Bf2 Nb4 37. R3d2 Rxd2 38. Rxd2 Nd5 39. Nb5 a6 40. Nbd6
Bxd6 41. Nxd6 Rd8 42. Ne4 Nf4+ 43. Kg3 Rd3 44. Rxd3 Nxd3 45. Be3 Bxe4 46. fxe4
Nb4 47. a3 Nc2 48. Bc1 Nd4 0-1

[Event "Elit(Rockaden,Umea-Eksjo)"]
[Site "?"]
[Date "2017.03.25"]
[Round "8"]
[White "Rasmussen, Allan Stig"]
[Black "Wickstrom, Lucas"]
[Result "1-0"]
[WhiteElo "2502"]
[BlackElo "2365"]
[PlyCount "59"]
[SourceDate "2017.04.01"]

1. e4 c5 2. Nf3 Nc6 3. Bb5 Nf6 4. Bxc6 dxc6 5. d3 g6 6. h3 Bg7 7. Nc3 Nd7 8.
Be3 e5 9. Qd2 h6 10. O-O b6 11. Nh2 Qe7 12. Rae1 Rb8 13. f4 exf4 14. Bxf4 Ne5
15. Nf3 g5 16. Bxe5 Bxe5 17. Nd5 Qd6 18. Nxe5 Qxe5 19. c3 O-O 20. d4 cxd4 21.
cxd4 Qe6 22. Nf6+ Kg7 23. Qc3 Qxf6 24. Rxf6 Kxf6 25. d5+ Kg6 26. Qxc6+ Kg7 27.
e5 Bb7 28. Qf6+ Kh7 29. e6 fxe6 30. Qe7+ 1-0

[Event "Elit(Rockaden,Umea-Eksjo)"]
[Site "?"]
[Date "2017.03.25"]
[Round "8"]
[White "Petrov, Marijan"]
[Black "Grandelius, Nils"]
[Result "1/2-1/2"]
[WhiteElo "2484"]
[BlackElo "2642"]
[PlyCount "82"]

1. e4 c5 2. Nf3 e6 3. g3 Nc6 4. Bg2 Nf6 5. Qe2 e5 6. Nc3 d6 7. d3 Be7 8. Nd5
Nxd5 9. exd5 Nb4 10. Ng1 O-O 11. c3 Na6 12. Qc2 Bf5 13. Be3 c4 14. Be4 Bxe4 15.
dxe4 Bg5 16. Bxg5 Qxg5 17. Nf3 Qg4 18. Nh4 Nc5 19. f3 Qg5 20. O-O g6 21. Ng2
Rae8 22. b4 Nd3 23. a4 f5 24. Qe2 h5 25. Kh1 f4 26. Qd2 Kh7 27. Ne1 Nxe1 28.
Raxe1 Kh6 29. Re2 Rf7 30. Rg2 fxg3 31. hxg3 Qxd2 32. Rxd2 Ref8 33. Kg2 g5 34.
Rdf2 Kg6 35. Kg1 Rf6 36. Kg2 R8f7 37. Kg1 Kg7 38. Kg2 Kh6 39. Kg1 Rg6 40. Kg2
Rgf6 41. Kg1 Kg6 1/2-1/2

[Event "Elit(Rockaden,Umea-Eksjo)"]
[Site "?"]
[Date "2017.03.25"]
[Round "8"]
[White "Gdanski, Jacek"]
[Black "Lindgren, Fredrik"]
[Result "1-0"]
[WhiteElo "2484"]
[BlackElo "2232"]
[PlyCount "79"]

1. e4 d6 2. d4 Nf6 3. Nc3 Nc6 4. f4 e5 5. d5 Ne7 6. fxe5 dxe5 7. Bg5 Ng6 8.
Bb5+ Bd7 9. Bxf6 Qxf6 10. Bxd7+ Kxd7 11. Qd3 Rd8 12. Qh3+ Ke8 13. O-O-O Qa6 14.
Nge2 Bb4 15. Rhf1 f6 16. a3 Bxc3 17. Nxc3 Kf7 18. Qe3 Rd6 19. g3 Ne7 20. Qc5 b6
21. Qb4 Rhd8 22. Nb5 R6d7 23. Qc4 Kf8 24. g4 Qb7 25. g5 Ng8 26. h4 a6 27. Nc3
Rd6 28. Rd3 b5 29. Qc5 Qb6 30. b4 Ke7 31. Rdf3 Rf8 32. Nd1 Qxc5 33. bxc5 Rdd8
34. Ne3 g6 35. Ng4 f5 36. Nxe5 Rde8 37. exf5 gxf5 38. Rxf5 Rxf5 39. Rxf5 Kd8
40. d6 1-0

[Event "Elit(Rockaden,Umea-Eksjo)"]
[Site "?"]
[Date "2017.03.25"]
[Round "8"]
[White "Malmstig, Erik"]
[Black "Ornstein, Axel"]
[Result "0-1"]
[WhiteElo "2310"]
[BlackElo "2344"]
[PlyCount "88"]

1. d4 Nf6 2. c4 e6 3. Nc3 Bb4 4. e3 O-O 5. Bd3 d5 6. cxd5 exd5 7. f3 c5 8. Nge2
cxd4 9. exd4 Re8 10. O-O Nbd7 11. Bg5 Be7 12. Bc2 Nf8 13. Qd3 h6 14. Bh4 Ng6
15. Bg3 Bd6 16. Ba4 Re7 17. f4 Nf8 18. Bh4 N8h7 19. Bc2 Bg4 20. Ng3 g6 21. Bb3
Qa5 22. Bxf6 Nxf6 23. f5 g5 24. Rae1 Rae8 25. Rxe7 Rxe7 26. h3 Bf4 27. hxg4 Re3
28. Qd1 Bxg3 29. Qd2 Bf4 30. Bd1 Rf3 31. Qe1 Be3+ 32. Kh1 Rxf1+ 33. Qxf1 Bxd4
34. Qd3 Bxc3 35. bxc3 Qxa2 36. Bf3 Kg7 37. Qd4 a5 38. Qb6 Qa1+ 39. Kh2 Qxc3 40.
Qxb7 a4 41. Qb1 a3 42. Qa2 d4 43. Bd1 d3 44. Bb3 d2 0-1

[Event "Elit(Rockaden,Umea-Eksjo)"]
[Site "?"]
[Date "2017.03.25"]
[Round "8"]
[White "Vernersson, Per"]
[Black "Lindgren, Mats"]
[Result "1/2-1/2"]
[WhiteElo "2293"]
[BlackElo "2241"]
[PlyCount "40"]

1. d4 e6 2. c4 f5 3. g3 Nf6 4. Bg2 Be7 5. Nf3 d6 6. O-O O-O 7. Nc3 Qe8 8. Re1
Qg6 9. e4 Nxe4 10. Nxe4 fxe4 11. Rxe4 Nc6 12. Nh4 Bxh4 13. Rxh4 e5 14. Be3 Bf5
15. dxe5 dxe5 16. Qd5+ Kh8 17. Be4 Rad8 18. Bxf5 Qxf5 19. Qe4 Nd4 20. Bxd4 exd4
1/2-1/2

[Event "Elit(Rockaden,Umea-Eksjo)"]
[Site "?"]
[Date "2017.03.25"]
[Round "8"]
[White "Eriksson, Jorgen"]
[Black "Malesevic, Nedeljko"]
[Result "1-0"]
[WhiteElo "2220"]
[BlackElo "2259"]
[PlyCount "45"]

1. d4 d5 2. Bf4 c5 3. e3 Nc6 4. c3 Qb6 5. Qb3 c4 6. Qc2 f6 7. Nf3 g5 8. Bg3 Nh6
9. e4 Be6 10. exd5 Bxd5 11. Nbd2 Na5 12. Be2 Qe6 13. Qa4+ Nc6 14. Nxc4 b5 15.
Qxb5 Nf5 16. Ne3 Nxe3 17. fxe3 a6 18. Qa4 Kf7 19. c4 Bxf3 20. gxf3 g4 21. d5
Qxe3 22. Qxc6 gxf3 23. Qe6+ 1-0

[Event "Elit(Rockaden,Umea-Eksjo)"]
[Site "?"]
[Date "2017.03.25"]
[Round "8"]
[White "Akvist, Hakan"]
[Black "Mardell, Jimmy"]
[Result "0-1"]
[WhiteElo "2079"]
[BlackElo "2147"]
[PlyCount "80"]

1. d4 Nf6 2. c4 c5 3. d5 b5 4. cxb5 a6 5. bxa6 g6 6. Nc3 Bg7 7. e4 O-O 8. Nf3
Qa5 9. Nd2 Bxa6 10. Bxa6 Qxa6 11. Qe2 e6 12. Qxa6 Nxa6 13. O-O exd5 14. exd5
Nb4 15. d6 Rfe8 16. Nc4 Ne4 17. Nxe4 Rxe4 18. Nb6 Ra7 19. Bd2 Bxb2 20. Rae1 Re6
21. Nc4 Rxa2 22. Rxe6 fxe6 23. g3 Bd4 24. Be3 e5 25. Bxd4 exd4 26. Re1 d3 27.
Rd1 Kf7 28. Ne5+ Ke6 29. Nxd3 Nxd3 30. Rxd3 c4 31. Rd1 Ra6 32. Kg2 Rxd6 33. Rc1
Rc6 34. Kf3 d5 35. Ke3 Ra6 36. Rc3 Ra2 37. h4 Kd6 38. f3 Kc5 39. Rc1 d4+ 40.
Ke4 Re2+ 0-1

[Event "Elit(Rockaden,Umea-Eksjo)"]
[Site "?"]
[Date "2017.03.25"]
[Round "8"]
[White "Nygren, David"]
[Black "Thornert, Hakan"]
[Result "0-1"]
[WhiteElo "2199"]
[BlackElo "2219"]
[PlyCount "68"]

1. e4 c5 2. c3 Nf6 3. e5 Nd5 4. d4 cxd4 5. Nf3 Nc6 6. cxd4 d6 7. Bc4 Nb6 8. Bb5
dxe5 9. Nxe5 Bd7 10. Nxd7 Qxd7 11. O-O e6 12. Qg4 h5 13. Qf3 a6 14. Bxc6 Qxc6
15. Qe2 Qc4 16. Qe5 Nd7 17. Qe4 Bc5 18. Be3 Bd6 19. Qxb7 Rb8 20. Qf3 Bxh2+ 21.
Kxh2 Qxf1 22. Bf4 O-O 23. Bxb8 Rxb8 24. b3 Nf6 25. Kg3 Rb5 26. Qa8+ Kh7 27. f4
Rd5 28. Nd2 Qxa1 29. Nf3 Ne4+ 30. Kh2 Qc1 31. Qb8 Rb5 32. Qa7 Qxf4+ 33. Kg1 Ng5
34. Ne5 Qe3+ 0-1

[Event "Elit(Kungstornet-Limhamn)"]
[Site "?"]
[Date "2017.03.25"]
[Round "8"]
[White "Jepson, Christian"]
[Black "Lyrberg, Patrik"]
[Result "1/2-1/2"]
[WhiteElo "2427"]
[BlackElo "2459"]
[PlyCount "129"]

1. d4 d5 2. Nf3 c6 3. c4 dxc4 4. e3 Bg4 5. Bxc4 e6 6. h3 Bh5 7. Nbd2 Nd7 8. O-O
Ngf6 9. b3 c5 10. e4 cxd4 11. e5 Nd5 12. Bxd5 exd5 13. g4 Bg6 14. Nxd4 Nc5 15.
N2f3 h5 16. Bg5 Be7 17. Bxe7 Qxe7 18. Nf5 Bxf5 19. gxf5 O-O-O 20. Qd4 Kb8 21.
Qb4 Rhe8 22. Rad1 Na6 23. Qxe7 Rxe7 24. Rd4 Nc7 25. Rfd1 Rc8 26. Kh2 Rf8 27.
Rg1 g6 28. f6 Re6 29. Re1 Rfe8 30. h4 Ra6 31. a4 Rb6 32. Re3 Rd8 33. Red3 a5
34. Ng5 Rd7 35. f4 Rc6 36. Rd2 Rb6 37. R2d3 Rc6 38. Rd2 b6 39. R4d3 Kb7 40. Kg3
Rc1 41. Rd1 Rc2 42. R1d2 Rc1 43. Rd1 Rc2 44. Nf3 Rb2 45. Nd4 Na6 46. R3d2 Rxd2
47. Rxd2 Nc5 48. Kf3 Rd8 49. Rg2 Re8 50. Rc2 Kc8 51. Nb5 Rd8 52. Nd6+ Rxd6 53.
exd6 Kd7 54. Re2 Ne6 55. Rb2 Nd4+ 56. Ke3 Nf5+ 57. Kd3 Kxd6 58. b4 axb4 59.
Rxb4 Kc5 60. Rb5+ Kc6 61. Rb2 Nxh4 62. Rc2+ Kd6 63. Rb2 Kc6 64. Rc2+ Kd6 65.
Rb2 1/2-1/2

[Event "Elit(Kungstornet-Limhamn)"]
[Site "?"]
[Date "2017.03.25"]
[Round "9"]
[White "Cicak, Slavko"]
[Black "Hector, Jonny"]
[Result "1/2-1/2"]
[WhiteElo "2509"]
[BlackElo "2499"]
[PlyCount "116"]

1. e4 e5 2. Nf3 Nc6 3. Bb5 a6 4. Ba4 Nf6 5. d3 Bc5 6. Bxc6 dxc6 7. h3 Be6 8.
Bd2 Nd7 9. Bc3 f6 10. d4 exd4 11. Nxd4 Bf7 12. Nd2 Qe7 13. Nf5 Qf8 14. Nb3
O-O-O 15. Qf3 Ba7 16. O-O-O g6 17. Ne3 Rg8 18. Rd2 Qe7 19. Ng4 Rgf8 20. Rhd1 f5
21. exf5 gxf5 22. Ne3 Bg6 23. Qf4 Qe4 24. Qxe4 fxe4 25. Bd4 c5 26. Bg7 Rf7 27.
Bh6 Re8 28. Bg5 c4 29. Nxc4 Bxf2 30. Be3 Bg3 31. Nd4 b5 32. Ne2 Bh5 33. Rxd7
Rxd7 34. Rxd7 Bxe2 35. Rg7 Bh2 36. Nd2 h5 37. g3 c5 38. b3 Re5 39. Nb1 Kd8 40.
Nc3 Bf3 41. a3 Ke8 42. g4 h4 43. Rg5 Kf7 44. Kd2 Bg2 45. Rxe5 Bxe5 46. Bg5 Bf6
47. Bxf6 Kxf6 48. Ke3 Ke5 49. g5 Bxh3 50. Nxe4 Bf5 51. Nxc5 Bxc2 52. b4 Kf5 53.
Kf3 Kxg5 54. Kg2 Bf5 55. Nxa6 Kf4 56. Nc5 Ke5 57. a4 bxa4 58. Nxa4 Kd5 1/2-1/2

[Event "Elit(Kungstornet-Limhamn)"]
[Site "?"]
[Date "2017.03.25"]
[Round "8"]
[White "Johansson, Linus"]
[Black "von Bahr, Oskar"]
[Result "1-0"]
[WhiteElo "2408"]
[BlackElo "2360"]
[PlyCount "81"]

1. Nf3 c5 2. c4 Nc6 3. Nc3 g6 4. e3 Nf6 5. d4 cxd4 6. exd4 d5 7. cxd5 Nxd5 8.
Qb3 e6 9. Bg5 f6 10. Bd2 Nce7 11. Bc4 Bg7 12. O-O O-O 13. Rfe1 Kh8 14. Rac1 b6
15. h3 Rf7 16. a4 Bf8 17. Nh2 g5 18. Ng4 Rg7 19. Ne3 Nf4 20. d5 Bb7 21. dxe6
Bxg2 22. Nxg2 Qxd2 23. Rcd1 Nxh3+ 24. Kh2 Qxf2 25. Ne4 Qf5 26. Qxh3 g4 27. Qc3
Qh5+ 28. Kg1 g3 29. Nxg3 Qh3 30. Rd3 Nf5 31. e7 Bxe7 32. Rxe7 Nxe7 33. Qxf6 Ng8
34. Qe5 Rf8 35. Be6 Qh6 36. Nf5 Qc1+ 37. Kh2 Qc7 38. Rd6 Rf6 39. Nge3 Qc1 40.
Nxg7 Kxg7 41. Qg5+ 1-0

[Event "Elit(Kungstornet-Limhamn)"]
[Site "?"]
[Date "2017.03.25"]
[Round "8"]
[White "Aronsson, Marten"]
[Black "Brynell, Stellan"]
[Result "1/2-1/2"]
[WhiteElo "2356"]
[BlackElo "2441"]
[PlyCount "62"]

1. c4 Nf6 2. Nc3 e5 3. g3 Bb4 4. Bg2 O-O 5. e3 Bxc3 6. bxc3 d6 7. d3 Re8 8. e4
Nbd7 9. Ne2 Nc5 10. O-O a6 11. f3 b5 12. d4 Na4 13. Qb3 Be6 14. d5 Bc8 15. Be3
Nd7 16. cxb5 axb5 17. f4 Nac5 18. Qc2 Ra4 19. Rab1 Ba6 20. Rb4 Qe7 21. fxe5
dxe5 22. Nc1 Nb6 23. Qf2 Ncd7 24. Bxb6 Nxb6 25. Nd3 Nc4 26. Nc5 Rxb4 27. cxb4
Ra8 28. Qe2 Qg5 29. Ra1 Bc8 30. a4 Bg4 31. h4 Bxe2 1/2-1/2

[Event "Elit(Kungstornet-Limhamn)"]
[Site "?"]
[Date "2017.03.25"]
[Round "8"]
[White "Schneider, Stefan"]
[Black "Henriksson, Johan"]
[Result "1/2-1/2"]
[WhiteElo "2345"]
[BlackElo "2273"]
[PlyCount "164"]

1. d4 d5 2. c4 c6 3. Nc3 Nf6 4. e3 g6 5. Nf3 Bg7 6. Be2 O-O 7. O-O Be6 8. Ng5
Bf5 9. cxd5 cxd5 10. Qb3 b6 11. Bd2 Nc6 12. Rfc1 Na5 13. Qa4 Bd7 14. Qd1 Nc4
15. Be1 Nd6 16. Qb3 e6 17. Nf3 Nfe4 18. Ne5 Nxc3 19. Bxc3 Re8 20. Bb4 Bxe5 21.
dxe5 Ne4 22. f3 Nc5 23. Bxc5 bxc5 24. Rxc5 Rb8 25. Qc3 Qb6 26. Rb1 Rec8 27.
Rxc8+ Rxc8 28. Qd2 Bb5 29. Bxb5 Qxb5 30. Kf2 Qc4 31. b3 Qc7 32. f4 Qc2 33. Rb2
Qe4 34. h3 g5 35. Kg3 gxf4+ 36. exf4 d4 37. Kh2 d3 38. b4 h5 39. b5 Kh7 40. Rb4
Rc4 41. Rxc4 Qxc4 42. Qe3 Kg6 43. a4 Qd5 44. Qd2 Kf5 45. Kg3 Qd4 46. Kf3 h4 47.
g4+ hxg3 48. Kxg3 Qg1+ 49. Kf3 Qf1+ 50. Ke3 Qxf4+ 51. Kxd3 Qxa4 52. Qf2+ Kxe5
53. Qxf7 Qxb5+ 54. Kd2 Qb2+ 55. Kd1 Qd4+ 56. Ke2 Qe4+ 57. Kd1 Qa4+ 58. Ke2 Qc2+
59. Ke1 Qe4+ 60. Kd1 Qh1+ 61. Ke2 Qh2+ 62. Kd1 Qxh3 63. Qxa7 Qd3+ 64. Ke1 Qe4+
65. Kf1 Qd3+ 66. Ke1 Qe4+ 67. Kf1 Kf4 68. Qc7+ Kf3 69. Qc3+ Qe3 70. Qf6+ Qf4
71. Qc3+ Kg4+ 72. Kg2 Qe4+ 73. Kf2 Qf4+ 74. Kg2 e5 75. Qh3+ Kg5 76. Qg3+ Kf5
77. Qxf4+ Kxf4 78. Kf2 e4 79. Ke2 e3 80. Ke1 Kf3 81. Kf1 e2+ 82. Ke1 Ke3
1/2-1/2

[Event "Elit(Kungstornet-Limhamn)"]
[Site "?"]
[Date "2017.03.25"]
[Round "8"]
[White "Backlund, Anders"]
[Black "Lindgren, Philip"]
[Result "1/2-1/2"]
[WhiteElo "2315"]
[BlackElo "2421"]
[PlyCount "159"]

1. c4 c6 2. d4 d5 3. cxd5 cxd5 4. Nc3 Nf6 5. Nf3 Nc6 6. Bf4 Bf5 7. e3 a6 8. Bd3
Bxd3 9. Qxd3 e6 10. O-O Be7 11. Ne5 Nxe5 12. Bxe5 O-O 13. Rfc1 Nd7 14. Bg3 Qa5
15. a3 Rfc8 16. b4 Qd8 17. Na4 Rxc1+ 18. Rxc1 Rc8 19. Rxc8 Qxc8 20. Nc5 Nb6 21.
h3 Qc6 22. Qb3 Nc4 23. a4 Bxc5 24. dxc5 a5 25. bxa5 Nxa5 26. Qb5 Qxb5 27. axb5
Kf8 28. Bc7 Nc4 29. c6 bxc6 30. bxc6 Ke7 31. Kf1 f6 32. Bb8 Na5 33. c7 Kd7 34.
Ke2 Kc8 35. Ba7 Kxc7 36. Bc5 Kd7 37. Bf8 g6 38. g4 Nc6 39. Bc5 e5 40. f3 Ke6
41. Ba3 e4 42. Bb2 Ne5 43. fxe4 dxe4 44. Bc3 Nd3 45. Kf1 f5 46. gxf5+ gxf5 47.
Ba5 Kd5 48. Kg2 Kc4 49. Kg3 Kd5 50. Bc3 Ke6 51. Ba5 Kf6 52. Bd8+ Kg6 53. Ba5
Nc5 54. Kf4 Ne6+ 55. Kg3 Kg5 56. Bb4 Nc7 57. Be7+ Kg6 58. Bc5 Nd5 59. Kh4 f4
60. exf4 Nxf4 61. Kg4 Ne6 62. Be3 h5+ 63. Kg3 Kf5 64. Kh4 Kg6 65. Kg3 Kf5 66.
Kh4 Nf4 67. Bd2 Ke5 68. Bc3+ Kd5 69. Bd2 Ke5 70. Bc3+ Ke6 71. Bd2 Kf5 72. Bc1
Ke5 73. Bb2+ Kd5 74. Bc1 Ne2 75. Be3 Kc4 76. Kxh5 Kd3 77. Bf2 Nf4+ 78. Kg4 Nxh3
79. Kxh3 e3 80. Bxe3 1/2-1/2

[Event "Elit(Kungstornet-Limhamn)"]
[Site "?"]
[Date "2017.03.25"]
[Round "8"]
[White "Tadjerbashi, Amir"]
[Black "Andersson, Fredrik"]
[Result "1/2-1/2"]
[WhiteElo "2206"]
[BlackElo "2259"]
[PlyCount "60"]

1. e4 c5 2. Nf3 Nc6 3. d4 cxd4 4. Nxd4 Nf6 5. Nc3 e5 6. Ndb5 d6 7. Bg5 a6 8.
Na3 b5 9. Bxf6 gxf6 10. Nd5 f5 11. Bd3 Be6 12. c3 Bg7 13. Nxb5 axb5 14. Bxb5
Bd7 15. exf5 O-O 16. O-O e4 17. a4 Re8 18. Qg4 Kh8 19. Rad1 Re5 20. Ne3 Qe7 21.
Qe2 Na5 22. Nd5 Bxb5 23. Qxb5 Qg5 24. b4 Nb3 25. Qc6 Rg8 26. Ne3 Rxf5 27. Nxf5
Qxf5 28. Rfe1 Qg5 29. Qxe4 Bxc3 30. f4 Qg7 1/2-1/2

[Event "Elit(Kungstornet-Limhamn)"]
[Site "?"]
[Date "2017.03.25"]
[Round "8"]
[White "Glimbrant, Torbjorn"]
[Black "Penalver, Osmani"]
[Result "1/2-1/2"]
[WhiteElo "2229"]
[BlackElo "2245"]
[PlyCount "71"]

1. d4 Nf6 2. Nf3 e6 3. c4 b6 4. g3 Ba6 5. b3 Bb4+ 6. Bd2 Be7 7. Bg2 c6 8. Ne5
d5 9. Bc3 Nfd7 10. Nxd7 Nxd7 11. Nd2 O-O 12. O-O Rc8 13. e4 dxe4 14. Nxe4 Nf6
15. Re1 Nxe4 16. Bxe4 Bf6 17. Qc2 g6 18. Rad1 Qe7 19. a4 Rfd8 20. a5 b5 21. c5
b4 22. Bxb4 Bxd4 23. Bc3 Qf6 24. Rxd4 Rxd4 25. Bxd4 Qxd4 26. Rd1 Qb4 27. h4
Qxa5 28. h5 gxh5 29. Bxh7+ Kg7 30. Be4 Qb4 31. Qb2+ Kg8 32. Qe5 Be2 33. Qg5+
Kf8 34. Qh6+ Ke7 35. Qg5+ Kf8 36. Qh6+ 1/2-1/2